| 000 | 00617nam a2200205 a 4500 | ||
|---|---|---|---|
| 005 | 20140310183333.0 | ||
| 008 | 060901s19uu xx 00 eng d | ||
| 020 | _a1403922063 | ||
| 050 |
_aRC 475 _b.L598 2006 |
||
| 100 | _aLepper, Georgia | ||
| 245 |
_aResearching the psychotherapy process : _ba practical guide to transcript-based methods / _cGeorgia Lepper et.al. |
||
| 260 |
_aNew York : _bPalgrave Macmillan, _c2006. |
||
| 300 |
_a256 p. : _c23 cm. |
||
| 521 | _aPSYCH | ||
| 650 | _aPsychotherapy. | ||
| 650 | _aCognitive therapy. | ||
| 700 | _aRiding, Nick | ||
| 942 |
_cBK _2lcc _kFOR |
||
| 999 |
_c21629 _d21629 |
||